000 00746nam a2200205 u 4500
001 61489
005 20180714063135.0
008 141003s1999 mx a r 000 0 spa d
082 0 _a720.97253203
_bSEN
100 1 _aSentiés Rodríguez, Horacio
_eautor
245 1 3 _aLa villa de Guadalupe :
_bcrónica centenaria /
_cHoracio Sentíes Rodríguez.
250 _a1a. edición.
264 0 _aMéxico
_bCiudad de México
_c1999
300 _a94 páginas :
_bilustraciones ;
_c17 cm.
336 _atexto
_2rdacontent
337 _asin mediación
_2rdamedia
338 _avolume
_2rdacarrier
650 0 _aVirgen de Guadalupe
_xTemplos cristianos
_zMéxico
650 0 _aConventos y monasterios
_zMéxico (ciudad)
_xArquitectura religiosa
999 _c61489
_d61489